000 00499nam a2200181Ia 4500
005 20250326141739.0
008 250326s9999 xx 000 0 und d
037 _aTextbook
040 _aFMSL
_beng
_cFMSL
041 _aeng
_2eng
084 _qFMSL
100 _aIndia Govt OF ..........
245 0 _aAnnual Survey of Industries 1985-86
_cIndia Govt OF ..........
260 _aChandigarh
_bChandigarh, Govt. of India
_c1986
300 _a88p
942 _cTB
999 _c1291780
_d1291780